000 00619nam a2200265Ia 4500
005 20260306163453.0
008 008 260114s9999 xx 000 0 eng d
020 _a9780231508636
037 _aEBOOK
040 _aCRL
040 _beng
040 _cCRL
041 _2eng
041 _aeng
084 _qCRL
100 _aCurtis
245 4 _aThe Shape Of Spectatorship
260 _bColumbia Scholarship Online
260 _c2016
650 _aJournalism & Mass Communication
856 _uhttps://academic.oup.com/book/14864
942 _cEBOOK
999 _c1710229
_d1710229